banner-ar

الكنوز الخفية بالمتحف المصرى : (Record no. 65576)

MARC details
000 -الفاتح
حقل البيانات ثابتة الطول 01054nam a22002537a 4500
005 - وقت وتاريخ اخر تعامل مع التسجيلة
رقم الضبط 20240530110832.0
008 - عناصر البيانات ثابتة الطول - معلومات عامة
حقل البيانات ثابتة الطول s2002 ua ah f 000 0 ara d
017 ## - رقم الايداع القانونى
رقم الايداع القانونى 2002/19336
المصدر ( الهيئة المختصة) مصر. دار الكتب
020 ## - الرقم الدولى المعيارى للكتب
الرقم الدولى المعيارى للكتاب 9774247930
040 ## - مصدر الفهرسة
وكالة الفهرسة الأصلية EG-CaGPL
وكالة النسخ EG-CaGPL
082 ## - رقم تصنيف ديوى العشرى
رقم الطبعة 21
رقم التصنيف 069.0962
رقم المادة ق/ ز ك
100 0# - المدخل الرئيسى - إسم شخصى
الإسم الشخصى زاهى حواس
245 12 - بيان العنوان
العنوان الكنوز الخفية بالمتحف المصرى :
بقية العنوان مائة قطعة هامة من المعرض المئوى /
بيان المسئوليه,etc زاهى حواس ؛ مصوركينيث جارت ؛ تقديم فاروق حسنى
250 ## - بيان الطبعة
بيان الطبعة ط.1
260 ## - PUBLICATION, DISTRIBUTION, ETC. (IMPRINT)
تاريخ النشر أو التوزيع 2002
300 ## - الوصف المادى
التعداد 111 ص. :
تفاصيل ماديه اخرى للوعاء صور لو. ؛
أبعاد الوعاء 26 سم .
650 07 - المدخل الاضافى بالموضوع-مصطلح موضوعى
مصدر الرأس أو المصطلح qrmak
مصطلح موضوعي المتحف المصرى
651 07 - المدخل الاضافى بالموضوع - اسم جغرافى
مصدر الرأس أو المصطلح qrmak
الاسم الجغرافي مصر
التقسيم الفرعي العام تاريخ
التقسيم الفرعي الزمني العصر اليوناني
651 07 - المدخل الاضافى بالموضوع - اسم جغرافى
الاسم الجغرافي مصر
التقسيم الفرعي العام تاريخ
التقسيم الفرعي الزمني العصر الرومانى
700 0# - المدخل الاضافى - اسم شخصى
الإسم الشخصى فاروق حسنى
الدور تقديم
700 0# - المدخل الاضافى - اسم شخصى
الإسم الشخصى كينيث جارت
الدور تصوير
942 ## - عناصر المدخل الإضافي( كوها)
مصدر التصنيف او مخطط الترفيف Dewey Decimal Classification
Koha [default] item type كتاب
260 ## - PUBLICATION, DISTRIBUTION, ETC. (IMPRINT)
-- القاهرة :
-- المجلس الاعلى للثقافة،
Holdings
حالة التراجع حالة الفقد حالة تلف ليس للاعارة المكان المؤقت الموقع الحالى موقع الترفيف تاريخ الاكتساب اجمالي اﻻعارات رقم الطلب الباركود تاريخ اخر مشاهدة تاريخ تفعيل السعر نوع وعاء كوها
        مكتبة القاهرة الكبرى مكتبة القاهرة الكبرى   09/22/2019   069.0962 ق/ ز ك 166490 09/22/2019 09/22/2019 كتاب

Powered By

EGPV